02644cam a22004574i 4500003000900000005001700009008004100026035002000067040003300087049000900120082001900129100003200148245003300180264003400213300003900247336002100286337002500307338002300332505039300355505060700748526001001355526001001365526001001375526001001385526000801395526000801403526000801411526000801419526000801427526000801435526000801443650001901451942001401470994001401484596000601498999015301504999014201657980005501799952016601854952016602020PE-LiUPU20250731172931.0 s1972 xxu gr 000 0 eng d a(Sirsi) a204405 aPE-LiUPUbspacPE-LiUPUerda aPRUA04a227.1bL762211 aLloyd-Jones, D. M.,eautor.10aRomans /cD. M. Lloyd-Jones. 1aMichigan :bZondervan,c1972. a313 páginas ;c21 centímetros. atext2rdacontent aunmediated2rdamedia avolume2rdacarrier2 tChapter 6 -- An exposition of chapter 6 the new man -- Introductory analysis -- Realizing our position -- Union with christ -- The implication of our union with christ -- The likeness of christ's resurrection, now and future -- The negative consequences of our crusifixion with christ -- Reconciliation of romans 6:6 nad Ephesians 4:22-24 -- The positive aspect -- Christ's life unto God.2 tChapter 5 -- An exposition of chapter 5 assurance -- Analysis of chapter 5-8 -- The manward and godward sides of peace with God -- Access to God -- Boasting and exulting in hope -- The christian's reaction to trial contrasted with that of the cults -- Hope leads no to shame but to overcoming -- The holy spirit and assurance -- Verse 6-8 and exposition of the father's love -- God's love for sinners -- Much more then -- Further argument from the greater to the lesser -- Glorying in God and causes of not doing so -- New section -- General analysis of the passage --- The meaning of 'all have sinned. aSEG42 aSEG41 aSEG40 aSEG39 aP94 aP87 aP86 aP85 aP77 aP76 aP3504aRomanosxLibro 2ddccBOOK aC0bPEPRU a1 a227.1 L76wLCc20766i76265f2021-11-9g4lCCODEBUL1mBULp3.00r0sYtBOOKu2017-6-16xTEOLOGIAPP850COMPRAo.STAFF. Colección Teologíad20766 a227.1 L76wLCc2i76266f2021-11-9g4lCCODEBUL1mBULp3.00r0sYtBOOKu2017-6-16xTEOLOGIAPP850COMPRAo.STAFF. Colección Teología 81gALBERTO SANCHEZ Responsable de Automatización r2025-12-03 00:00:00i5l0o227.1 L76p76265te1v8.00w2017-06-16xPGyBKzinventario-2023-12-13102ddc50708GENfP85aBULbBULcGENd2017-06-16eCOMPRAg3.00 r2025-12-03 00:00:00i5l0o227.1 L76p76266te2v8.00w2017-06-16xPGyBKzinventario-2023-12-13102ddc50708GENfP85aBULbBULcGENd2017-06-16eCOMPRAg3.00